Gaming Quiz

Random Gaming Quiz

Last Remnant Locations Quiz Stats

 Plays Quiz not verified by Sporcle

Challenge
Share
Tweet
Embed
Score 0/36 Timer 11:00
0 Plays Today
% Correct
Athlum
94.7%
Elysion
73.7%
Ghor
73.7%
The Great Sand Sea
73.7%
Celapaleis
68.4%
Nagapur
68.4%
Balterossa
68.4%
Royotia
68.4%
Gaslin Caves
68.4%
Blackdale
63.2%
Melphina
57.9%
The Ivory Peaks
57.9%
Heroic Ramparts
57.9%
Dillmoor
52.6%
Crookfen
52.6%
Baaluk
47.4%
Ruins of Robelia Castle
47.4%
Fornstrand
42.1%
% Correct
Numor Mine
42.1%
Southwestern Road
36.8%
Lavafender
36.8%
Six Paths of Siebenbur
36.8%
Darken Forest
31.6%
Nest of Eagles
31.6%
Undelwalt
26.3%
Vale of the Gods
26.3%
The Great Subterrane
26.3%
Berechevaltelle
21.1%
Salamander's Tail
21.1%
Salamander's Belly
21.1%
Salamander's Tongue
21.1%
Yamarn Plain
15.8%
Yvalock's Nest
15.8%
Holy Plain
10.5%
Koeningsdorf
10.5%
Mt. Veckel
10.5%

You're not logged in!

Compare scores with friends on all Sporcle quizzes.
OR
Log In

You Might Also Like...

Show Comments

Extras

Created Jan 11, 2011ReportNominate
Tags:location, rpg

Top Quizzes Today


Score Distribution

Your Account Isn't Verified!

In order to create a playlist on Sporcle, you need to verify the email address you used during registration. Go to your Sporcle Settings to finish the process.

Report this User

Report this user for behavior that violates our Community Guidelines.

Details: